000 02758nam a2200241Ia 4500
003 Ost
005 20260507075454.0
008 260507s9999||||xx |||||||||||||| ||und||
020 _a6345069957
040 _cfsecg
041 _aara
082 _a338.9
100 _aطاقة، محمد
_eمؤلف
245 0 _aمازق العولمة /
_c محمد طاقة
260 _aعمان:
_bدار المسيرة للنشر والتوزيع,
_c2007
300 _a144 صفحة؛
_c24 سم
504 _aبيبليوغرافيا ص.143
520 _aهذا الكتاب يتألف من تسعة بحوث اقتصادية قدمت لمؤتمرات علمية داخل القطر وخارجه وحلقات نقاشية في مواسم ومناسبات مختلفة. هذه البحوث في الحقيقة تتألف حول محور واحد ويعرضهم كالتالي : المقدمة-الباب الأول : العولمة .. أبعادها وسبل مواجهتها : الفصل الأول : التأصيل المفاهيمي والتأريخي للعولمة : أولا : التأصيل المفاهيمي للعولمة : الفصل الثاني : العولمة الإقتصادية والأبعاد الناجمة عنها في البلدان النامية : العولمة الإقتصادية : الفصل الثالث : مآزق العولمة وسبل مواجهتها : مأزق العولمة : سبل مواجهة العولمة-الباب الثاني : مسيرة العولمة نحو الهيمنة : الفصل الأول : العولمة الماضي صورة الحاضر : الفصل الثاني : العولمة تكييف فكري لمزيد من الهيمنة : الفصل الثالث : عولمة النفط : أولا: أهمية النفط العربي بالنسبة للولايات المتحدة الأمريكية : ثانيا : الوضع النفطي للدول الصناعية : الفصل الرابع : إقتصاد السوق الإشتراكي (التجربة االصينية ) :أولا: الموقف من الملكيةهوموقف فكري : ثانيا: التطورات اٌتصادية في الصين منذ 1949 ولحد الأن : الفصل الخامس : أبعاد مشروع العقوبات الانكلوأمريكية "دراسة في الاقتصاد السياسي للحصار الشامل " : الفصل السادس : العولمة والإحتلال الأمريكي للعراق : أولا : التأصيل التاريخي للمنظومة الرأسمالية : ثانيا: أزمة النظام الرأسمالي : حقيقة العولمة الأمريكية
653 _aاقتصاد عالمي
653 _aاقتصاد مالي
653 _aعولمة
942 _cكتاب
999 _c44650
_d44650